000 00738nam a22002175i 4500
001 178429
003 ES-MaACL
005 20230906220531.0
008 110527s1956 sp |||| | spa d
080 _a2-534.3
100 1 _aOrígenes.
_987255
245 1 0 _aTratado sobre la oración /
_cOrígenes ; traducción, presentación y notas por Fernando Mendoza Ruiz.
260 _aMadrid [etc.] :
_bRialp,
_c1956.
300 _a258 p. ;
_c16 cm.
490 1 _aNeblí, clásicos de espiritualidad ;
_v37. Serie roja
650 0 4 _aOración.
_915729
700 0 _aMendoza, Fernando.
_980247
830 0 _aNeblí, clásicos de espiritualidad ;
_v37. Serie roja
_9190968
852 _aES-MaACL
_jE-15202
_xOlim P-139
999 _c178429
_d178429